| 000 | 00531nam a2200121Ia 4500 | ||
|---|---|---|---|
| 008 | 220620s9999||||xx |||||||||||||| ||und|| | ||
| 100 | _aIñesta, José M.||Ponce de León, Pedro J.||Rizo, David | ||
| 245 | 0 | _aChapter Mining Digital Music Score Collections: Melody Extraction and Genre Recognition | |
| 546 | _aEnglish[eng] | ||
| 650 | _aMusic||pattern recognition | ||
| 856 | _uhttps://library.oapen.org/bitstream/20.500.12657/48887/1/5803.pdf||https://library.oapen.org/bitstream/20.500.12657/48887/1/5803.pdf | ||
| 942 | _cEB | ||
| 999 |
_c21433 _d21433 |
||